| 000 | 00738nam a2200133 a 4500 | ||
|---|---|---|---|
| 008 | 120416s9999 xx |||||||||||||| || u | ||
| 050 | _aTT 320 Dav | ||
| 100 | _aDavidson, Ellis A | ||
| 245 | 1 | 2 | _aA practical manual of house-painting, graining, marbling and sign-writing |
| 350 | _a0.00 | ||
| 995 |
_aMAIN LIBRARY OPEN ACCESS _D0.00 _e017829 _FCBU-MAIN LIBRARY (Kitwe) _H1 _I2.00 _jTT 320 Dav _UWEEDED _y017829 _ZMain Library Open Access Collection |
||
| 995 |
_aMAIN LIBRARY OPEN ACCESS _D0.00 _e017830 _FCBU-MAIN LIBRARY (Kitwe) _H3 _I2.00 _jTT 320 Dav _UWEEDED _y017830 _ZMain Library Open Access Collection |
||
| 995 |
_aBINDERY (DAMAGED) _D0.00 _e017831 _FCBU-MAIN LIBRARY (Kitwe) _H2 _I2.00 _jTT 320 Dav _UWEEDED _y017831 _ZMain Library Open Access Collection |
||
| 999 |
_c76991 _d76991 |
||